00329nam a2200121Ia 45000010005000000080041000050820026000461000011000722450046000832600032001299010029001619990017001903407241024s9999 xx 000 0 und d a[*SIN CLASIFICACION*] aUNESCO 0aTaller producción de video y radio 2012 bJóvenes Dominicanosc2012 a24/10/2013 11:09:54 a.m. c12222d12222